| 000 | 00883cam a2200241 i 4500 | ||
|---|---|---|---|
| 005 | 20251110085920.0 | ||
| 008 | 250721s2005 ua a cr 000 0 ara d | ||
| 020 | _a9772708167 | ||
| 041 | 1 |
_aara _heng |
|
| 082 | 1 | 4 |
_a177.6 _bر و ك |
| 100 | 1 |
_aNuria Roca _eمؤلف. |
|
| 245 | 1 | 2 |
_aالصداقة : _bمن أصدقائك القدامى إلى أصدقائك الجدد / _cAuthor Nuria Roca ؛ ترجمة مختار السويفي. |
| 250 | _aالطبعة العربية الثانية. | ||
| 264 | 3 | 1 |
_aالقاهرة : _bالدار المصرية اللبنانية، _c2005. |
| 300 | _a35 صفحة. | ||
| 490 | 1 | 0 | _aمن إلى. |
| 650 | 1 | 7 | _aالصداقة. |
| 653 | _aاطفال مرحله متوسطه (6-9)سنوات. | ||
| 700 | 1 |
_aالسويفي، مختار _eمترجم. |
|
| 830 | 0 | _aمن إلى. | |
| 942 |
_2ddc _cBK |
||
| 999 |
_c102963 _d102963 |
||